Normal view
MARC view
- الاشراف التربوي-البرامج التربوية-الادارة التربوية
Entry Topical Term
001 - CONTROL NUMBER
- control field: 59945
003 - CONTROL NUMBER IDENTIFIER
- control field: JO-AjAnu
005 - DATE AND TIME OF LATEST TRANSACTION
- control field: 20230606083811.0
008 - FIXED-LENGTH DATA ELEMENTS
- fixed length control field: 230606|| aca||aabn | a|a d
040 ## - CATALOGING SOURCE
- Original cataloging agency: JO-AjAnu
- Transcribing agency: JO-AjAnu
150 ## - HEADING--TOPICAL TERM
- Topical term or geographic name entry element: الاشراف التربوي-البرامج التربوية-الادارة التربوية
670 ## - SOURCE DATA FOUND
- Source citation: Work cat.: (JO-AjAnu)30569: الجباني، فرمان قحط رحيمة، م.مشارك رعد خلف عطية الجنابي, author 59944, الاشراف التربوي: الاختصاص الاداري بين الواقع والمأمول